Západná Európa: rozdielne skúsenosti s daňovou amnestiou

Daňové amnestie v západnej Európe v posledných rokoch. Úloha daňových amnestií - zabezpečiť dodatočné príjmy štátneho rozpočtu a stimulovať návrat nelegálne vyvezeného kapitálu späť do materskej ekonomiky. Hromadné daňové úľavy pre kapitál, ktorý mali jednotlivé krajiny uložený v cudzine. Skúsenosti...

Ausführliche Beschreibung

Gespeichert in:
Bibliographische Detailangaben
1. Verfasser: Slovák, Kristian
Weitere Verfasser: Schönwiesner, Roman
Format: Buchkapitel
Sprache:Slowakisch
Schlagworte:
Tags: Tag hinzufügen
Keine Tags, Fügen Sie das erste Tag hinzu!

MARC

LEADER 00000naa$a2200000$$$4500
001 0018208
005 20231009075341.1
041 0 |a slo 
044 |a SK 
245 1 0 |a Západná Európa: rozdielne skúsenosti s daňovou amnestiou  |c aut. Kristian Slovák, Roman Schönwiesner 
520 |a Daňové amnestie v západnej Európe v posledných rokoch. Úloha daňových amnestií - zabezpečiť dodatočné príjmy štátneho rozpočtu a stimulovať návrat nelegálne vyvezeného kapitálu späť do materskej ekonomiky. Hromadné daňové úľavy pre kapitál, ktorý mali jednotlivé krajiny uložený v cudzine. Skúsenosti Talianska, Nemecka, Grécka, Belgicka a Francúzska. 
610 2 0 |a dane 
610 2 0 |a úľavy daňové 
610 2 0 |a kapitál 
610 2 0 |a vývoz kapitálu 
610 2 0 |a dovoz kapitálu 
610 2 0 |a pokuty 
610 2 0 |a západná Európa 
100 1 |a Slovák, Kristian 
700 1 |a Schönwiesner, Roman